Allies of Serbia - Statistics

General Stats
  • This quiz has been taken 79 times
  • The average score is 12 of 29
Answer Stats
Hint Answer % Correct
Europe Russia
98%
Europe Belarus
80%
Asia China
78%
Europe Greece
78%
Americas Cuba
69%
Americas Venezuela
67%
Asia Iran
60%
Europe Spain
58%
Europe Hungary
56%
Asia North Korea
53%
Europe Slovakia
51%
Americas Nicaragua
49%
Asia Syria
47%
Asia Azerbaijan
33%
Asia Cyprus
33%
Americas Antigua and Barbuda
27%
Africa Democratic Republic of the Congo
27%
Asia Georgia
24%
Africa Mali
24%
Africa Zimbabwe
24%
Americas Dominica
22%
Americas Grenada
22%
Africa Comoros
20%
Asia Myanmar
18%
Oceania Nauru
18%
Africa Eritrea
16%
Africa São Tomé and Principe
16%
Africa Burundi
13%
Africa Eswatini
13%
No matching quizzes found
Score Distribution
Percent of People with Each Score
Percentile by Number Answered
Your Score History
You have not taken this quiz